ბათუმის შოთა რუსთაველის სახელმწიფო უნივერსიტეტის ბიბლიოთეკა

Manual of cardiovascular medicine / (ბიბ.ჩანაწერი № 57700)

000 -LEADER
fixed length control field 01722cam a22002778i 4500
001 - CONTROL NUMBER
control field 20541270
005 - DATE AND TIME OF LATEST TRANSACTION
control field 20221105203522.0
008 - FIXED-LENGTH DATA ELEMENTS--GENERAL INFORMATION
fixed length control field 180614s2019 pau bf 001 0 eng
010 ## - LIBRARY OF CONGRESS CONTROL NUMBER
LC control number 2018028784
020 ## - INTERNATIONAL STANDARD BOOK NUMBER
International Standard Book Number 9781496312600 (paperback) 1
041 ## - LANGUAGE CODE
Language code of text/sound track or separate title eng
080 ## - UNIVERSAL DECIMAL CLASSIFICATION NUMBER
Universal Decimal Classification number 616.1 M-24
245 00 - TITLE STATEMENT
Title Manual of cardiovascular medicine /
Statement of responsibility, etc. editor, Brian P. Griffin, MD, FACC, The John and Rosemary Brown Endowed Chair in Cardiovascular Medicine, Vice-Chairman, Robert and Suzanne Tomsich Department of Cardiovascular Medicine, Section Head, Section of Cardiovascular Imaging, Cleveland Clinic, Cleveland, Ohio, Venu Menon, MD, FACC Director, Coronary Care Unit, Director Cardiovascular Fellowship Program Professor of Medicine, Cleveland Clinic Lerner College of Medicine Cleveland, Ohio Section Editors Thomas D. Callahan, MD, FACC Leslie Cho, MD, FACC Esther S.H. Kim, MD, MPH, FACC David Majdalany, MD, FACC W. H. Wilson Tang, MD, FACC Guest Editors Joseph M. Bumgarner, MD Chetan P. Huded, MD Newton B. Wiggins, MD.
250 ## - EDITION STATEMENT
Edition statement Fifth edition.
264 #1 - PRODUCTION, PUBLICATION, DISTRIBUTION, MANUFACTURE, AND COPYRIGHT NOTICE
Place of production, publication, distribution, manufacture Philadelphia :
Name of producer, publisher, distributor, manufacturer Wolters Kluwer Health,
Date of production, publication, distribution, manufacture, or copyright notice [2019].
300 ## - PHYSICAL DESCRIPTION
Extent 1059 p.
Other physical details ill.
Dimensions 23 cm.
504 ## - BIBLIOGRAPHY, ETC. NOTE
Bibliography, etc. note Includes bibliographical references and index.
650 #0 - SUBJECT ADDED ENTRY--TOPICAL TERM
Topical term or geographic name entry element Cardiology
Form subdivision Handbooks, manuals, etc.
9 (RLIN) 263
650 #7 - SUBJECT ADDED ENTRY--TOPICAL TERM
Topical term or geographic name entry element MEDICAL / Cardiology.
Source of heading or term bisacsh
9 (RLIN) 9491
653 ## - INDEX TERM--UNCONTROLLED
keyword მედიცინა
653 ## - INDEX TERM--UNCONTROLLED
keyword კაედიოლოგია
700 1# - ADDED ENTRY--PERSONAL NAME
Personal name Griffin, Brian P.,
Dates associated with a name 1956-
Relator term რედაქტორი
9 (RLIN) 9492
700 1# - ADDED ENTRY--PERSONAL NAME
Personal name Menon, Venu
Relator term რედაქტორი
9 (RLIN) 9493
942 ## - ADDED ENTRY ELEMENTS (KOHA)
Source of classification or shelving scheme
Koha item type წიგნი
ეგზემპლარები
Withdrawn status Lost status Source of classification or shelving scheme Damaged status Not for loan Permanent Location Current Location Shelving location Date acquired Cost, normal purchase price Full call number Barcode Date last seen Copy number Price effective from Koha item type Public note
          ბათუმის შოთა რუსთაველის სახელმწიფო უნივერსიტეტის მთავარი ბიბლიოთეკა ბათუმის შოთა რუსთაველის სახელმწიფო უნივერსიტეტის მთავარი ბიბლიოთეკა წიგნსაცავი 2020-09-10 150.15 616.1 M-24 61026 2020-09-10 61026 2020-09-10 წიგნი 150 ლ. 15 თ.